The day wikipedia stood still: wikipedia's editors' participation in the 2012 anti-SOPA protests as a case study of online organization empowering international and national political opportunity structures /

Kaydedildi:
Detaylı Bibliyografya
Yazar: Konieczny, Piotr
Materyal Türü: Metin
Etiketler: Etiketle
Etiket eklenmemiş, İlk siz ekleyin!

MARC

LEADER 00000 a a2200000 04500
001 47240
003
040
100 |a Konieczny, Piotr  
245 |a The day wikipedia stood still:   |b wikipedia's editors' participation in the 2012 anti-SOPA protests as a case study of online organization empowering international and national political opportunity structures /  |c Piotr Konieczny  
773 |g volumen62, número7, (2014), páginas 994-1016  
999 |c 30178  |d 30178